000 00343nam a2200145Ia 4500
005 20251222152014.0
008 251222s9999||||xx |||||||||||||| ||spa||
020 _a9681654862
082 _a869.34/S26
100 _aSarney, José
245 0 _aEl Dueño del Mar
250 _a1ra.ed.
264 _bFondo de Cultura Económica
942 _cLIB
999 _c25032
_d25032